Un niño de diez mil años
محفوظ في:
| المؤلفون الرئيسيون: | , , |
|---|---|
| التنسيق: | كتاب |
| اللغة: | الإسبانية |
| منشور في: |
Santiago
Empresa Editora Zig-Zag S. A
2012
|
| الطبعة: | 2a. ed |
| سلاسل: | Lectorcitos
|
| الموضوعات: | |
| الوسوم: |
إضافة وسم
لا توجد وسوم, كن أول من يضع وسما على هذه التسجيلة!
|
MARC
| LEADER | 00000cam a2200000 a 4500 | ||
|---|---|---|---|
| 001 | UCE2625 | ||
| 003 | CL-VaPUC | ||
| 005 | 20250417113329.0 | ||
| 008 | 140717e20121200cl |||||||||||||||||spa|d | ||
| 999 | |c 356206 |d 356204 | ||
| 020 | |a 9789561223219 | ||
| 040 | |c Pontificia Universidad Católica de Valparaíso | ||
| 082 | 0 | 4 | |a Ch863 |b RIO |2 21 |
| 100 | 0 | |a Río, Ana María del |e author |9 575141 | |
| 245 | 1 | 3 | |a Un niño de diez mil años |
| 246 | 1 | 0 | |a Esta mañana |
| 250 | |a 2a. ed | ||
| 260 | |a Santiago |b Empresa Editora Zig-Zag S. A |c 2012 | ||
| 300 | |a 39 p | ||
| 490 | 0 | |a Lectorcitos | |
| 583 | |a last modification |c 20140717 11:12:00 |k Rodrigo Vera | ||
| 650 | 0 | |a Literatura infantil chilena |9 308278 |x Cuentos | |
| 700 | 0 | |a Salinas, Loreto |e author |9 575142 | |
| 700 | 0 | |a Prieto, Evangelina |e author |9 575143 | |
| 942 | |c BK |2 ddc | ||
| 945 | |d 20140717 11:12:00 |a dcastane | ||
| 952 | |0 0 |1 0 |3 erb |4 0 |6 CH_863_000000000000000_RIO_2012 |7 0 |8 A |9 463396 |a BIBEDU |b BIBEDU |i 5090040 |o Ch863 RIO 2012 |p 5090040 |r 2019-11-23 |w 2019-11-23 |y BK |z Catalogado en:20140717 |k PAR | ||